000 01003nam0a22002891 4500
001 RU\INFOCOMM_318\NLR\5000078335
005 20250613103821.0
035 _a(NLR Aleph) 009481190
090 _a8588615
_c8588615
100 _a20121130d1974 |||y0rusy50 ca
101 0 _aeng
102 _aRU
105 _ay z |||||
200 1 _aˆThe ‰nucleon isospin-polarization and isospin bounds in pion-nucleon scattering
_fD. B. Ion, A. C. Mihul
210 _aДубна
_d1974
215 _a29 с.
_cграф.
_d22 см
225 1 _aˆ[‰Издания]
_fОбъедин. ин-т ядерных исследований. Лаб. теорет. физики
_vЕ 2-7733
320 _aБиблиогр.: с. 28-29
606 0 _aПионы (физ.)
_xРассеяние на нуклонах
_2nlr_sh1
686 _aВ382.32
_2rubbk
700 1 _aIon
_bD. B.
701 1 _aMihul
_bA. C.
801 1 _aRU
_bNLR
_c20121130
801 0 _aRU
_bINFOCOMM
_gPSBO
852 _aNLR
_jП11/2061
942 _cBOOK
980 _aNB